| 000 | 00741nam a2200205Ii 4500 | ||
|---|---|---|---|
| 003 | JO-AjNU | ||
| 008 | 230605s9999||||xx |||||||||||||| ||und|| | ||
| 040 |
_aJO-AjNU _bara _erda _cJO-AjNU |
||
| 041 | _aara | ||
| 050 | 1 | 4 | _aCB311.2019 |
| 100 | 3 |
_aملحم، بدر نبيل, _eauthor _960860 |
|
| 245 | 0 | 0 | _aتاريخ الحضارات القديمة |
| 250 | _aالطبعة الاولى | ||
| 264 | 3 | 1 | _aعمان: دار الاعصار العلمي للنشر والتوزيع،2019 |
| 300 |
_a297ص _b ويحتوي على قائمة مراجع من ص287ص- 297ص |
||
| 336 |
_atext _btxt _2rdacontent |
||
| 337 |
_aunmediated _bn _2rdamedia |
||
| 338 |
_avolume _bnc _2rdacarrier |
||
| 650 | 4 |
_aالحضارات القديمة _960861 |
|
| 999 |
_aA27474 _c31042 _d31042 |
||